| 000 | 00571cab a2200205 4500 | ||
|---|---|---|---|
| 001 | WB3423-38 | ||
| 008 | 090401t1998 xxu||||| |||| 00| 0 eng d | ||
| 035 | _a(Sirsi) u86901 | ||
| 041 | _aeng | ||
| 245 | _aAmendments save land terms | ||
| 260 | _c1998 | ||
| 350 | _a0 | ||
| 490 |
_aProperty Week _v63(9) 12 June 1998, 79(1) |
||
| 520 | _aThe DTI is expected to produce an amendment to the Competition Bill which would exclude land agreements. | ||
| 650 | _aCOMPETITION BILL | ||
| 650 | _aLAND AGREEMENTS | ||
| 690 | _aLAW | ||
| 942 | _n0 | ||
| 948 | _c18/06/1998 | ||
| 999 |
_c54723 _d54723 |
||